| 000 | 00438nam a2200181Ia 4500 | ||
|---|---|---|---|
| 008 | 230524s9999 xx 000 0 und d | ||
| 020 | _a9788189928834 | ||
| 082 |
_a625 _bSAX |
||
| 100 | _aS.C.Saxena | ||
| 245 | 2 | _aA Text Book of Railway Engineering | |
| 250 | _a7 | ||
| 260 |
_aNew Delhi _bDhanpat rai _c2015 |
||
| 300 | _a"xii,34.7p;" | ||
| 500 | _aQuantity Number: 57 | ||
| 650 | _aCivil | ||
| 700 | _aS.P. Arora | ||
| 942 | _cBK | ||
| 999 |
_c55419 _d55419 |
||